00566nam a2200157 a 450000100060000000300090000600800410001502000150005604000280007108200200009911000680011924501020018726000600028930000080034965000510035713644CO-ViMGA141112s2004 ck r 000 u spa d a9589206603 aCO-ViMGAbspacCO-ViMGA04a362.732 C357cen aCentro Regional de Formacion de Educadores de Calle. (CERFOCAL)10aCenso de instituciones que atienden niños y adolescentes en situacion de riesgo social. Ecuador aSantafé de Bogotá : bConvenio Andres Bello, c1995 a20114aINSTITUCIONES DE CUIDADOS INFANTILES yEcuador